000
00329 a2200157 4500
001
69216
020
_a
8530503163
040
_c
Anchieta - Itaigara
100
_a
Bandeira, Pedro
240
1
0
_a
Hobin hood
_l
por
245
1
0
_a
Hobin hood
300
_a
47
362
0
_a
2003
650
4
_a
Literatura infanto-juvenil
942
_c
BK
999
_c
69216
_d
69216